Eagles NFL Football Players Starting 2018 - Statistics

General Stats
  • This quiz has been taken 147 times
    126 since last reset
  • The average score is 16 of 60
Answer Stats
Position Answer % Correct
QB Carson Wentz
97%
QB Nick Foles
95%
C Jason Kelce
79%
WR Alshon Jeffery
78%
TE Zach Ertz
77%
T Lane Johnson
67%
DT Fletcher Cox
60%
K Jake Elliot
55%
TE Dallas Goedert
51%
T Jason Peters
51%
RB Jay Ajayi
50%
DE Brandon Graham
48%
S Corey Graham
46%
G Brandon Brooks
45%
S Malcolm Jenkins
44%
RB Corey Clement
33%
CB Avonte Maddox
31%
CB Jalen Mills
31%
CB Sidney Jones
30%
RB Wendell Smallwood
28%
CB Ronald Darby
27%
RB Boston Scott
24%
RB Darren Sproles
24%
DE Derek Barnett
22%
DE Chris Long
20%
WR Golden Tate
20%
WR Mike Wallace
20%
LS Rick Lovato
19%
LB Jordan Hicks
18%
T Jordan Mailata
18%
OL Isaac Seumalo
17%
WR Jordan Matthews
17%
RB Josh Adams
17%
P Cameron Johnston
16%
TE Richard Rodgers
16%
T Halapoulivaati Vaitai
15%
LB Nigel Bradham
15%
CB Cre'Von LeBlanc
13%
LB Kuma Grugier-Hill
13%
DE Michael Bennett
12%
DE Josh Sweat
11%
CB Rasul Douglas
11%
DT Tim Jernigan
10%
WR Nelson Agholar
8%
DT Haloti Ngata
7%
C Steven Wisniewski
6%
LB Nathan Gerry
5%
WR Shelton Gibson
5%
S Tre Sullivan
4%
G Chance Warmack
3%
DE Daeshon Hall
3%
TE Joshua Perkins
3%
T Matt Pryor
3%
DT Treyvon Hester
3%
S Deiondre Hall
2%
LB D. J. Alexander
2%
CB Josh Hawkins
2%
LB B. J Bello
1%
DT Bruce Hector
1%
LB LaRoy Reynolds
1%
No matching quizzes found
Score Distribution
Percent of People with Each Score
Percentile by Number Answered
Your Score History
You have not taken this quiz since the last reset